000 00954nam a2200253 a 4500
999 _c12393
_d12393
001 12393
003 BD-JhCC
005 20221116134024.0
008 220202b2020 bg |||| ||a| 000 0 ben d
020 _a9789849510284
035 _a(BD-JhCC)12393
040 _aBD-JhCC
_dBD-JhCC
041 _aBengali
082 _a823.92
_bBAG 2020
100 _aব্যাগশ,টিলি
245 _aইন্টারন্যাশনাল বেস্টসেলার থ্রিলার:
_bসিডনি শেলডনের দা সাইলেন্ট উইডাে /
_cটিলি ব্যাগশ, অনু: অনীশ দাস অপু ।
260 _aঢাকা :
_bঅনিন্দ্য প্রকাশ;
_c২০২০.
300 _a383 p. :
_c22 cm.
650 _aWoman psychologists
650 _aMurder --Investigation
700 _aঅপু,অনীশ দাস
942 _2ddc
_cBK
_07